Využitie vlastnosti nábojovo viazaných štruktúr CCD pre astronomické výskumy : Kand.diz.práca : V.odb. 26-07-9 : Obh. 19.03.1987 /

Na minha lista:
Detalhes bibliográficos
Autor principal: Klocok, Ľubomír (Author)
Outros Autores: Vavra, Štefan (Thesis advisor)
Formato: Manuscrito Livro
Publicado em: Bratislava : SVŠT v Bratislave EF, 1986
Assuntos:
Tags: Adicionar Tag
Sem tags, seja o primeiro a adicionar uma tag!

MARC

LEADER 00000ntm a22000003a 4500
001 stu4446
005 20150617225810.3
008 ------s1986----------------------------d
040 |a STU  |b slo 
041 0
100 1 |a Klocok, Ľubomír  |4 aut 
245 1 |a Využitie vlastnosti nábojovo viazaných štruktúr CCD pre astronomické výskumy :  |b Kand.diz.práca : V.odb. 26-07-9 : Obh. 19.03.1987 /  |c [aut.] Klocok,Ňubomír, Ing.; Škol. Vavra,řtefan 
260 |a Bratislava :  |b SVŠT v Bratislave EF,  |c 1986 
300 |a 130 s  |c Autoref.1986, 15 s 
650 7 |a Rádioelektronika  |2 stusub 
650 7 |a elektromagnetické žiarenie  |2 stusub 
650 7 |a detektory žiarenia  |2 stusub 
700 1 |a Vavra, Štefan  |4 ths 
996 |b 284ED00440  |c E*KDIZ-510  |l EE01  |s A  |a 24  |w stu4446_0001